000 00421nam a22001697a 4500
005 20180727124757.0
008 160517b xxu||||| |||| 00| 0 eng d
020 _a81-203-2206-1
041 _aeng
082 _b2538
_a658.3
100 _aRobbins, Stephen P.
_94641
245 _aEssentials of Organizational Behaviour
260 _aNew Delhi
_bPHI,
_c2003
300 _a284p,
650 _aManagement
_9241
942 _cBK
999 _c931
_d931